MARC

LEADER 00000nam0a2200000 4500
001 31076
005 20250225063224.0
035 |a (RuTPU)RU\TPU\book\31352 
035 |a BOOK00000070 
090 |a 31076 
100 |a 20011209d1998 u y0rusy50 ca 
101 0 |a rus 
102 |a RU 
105 |a abf 000|y 
200 1 |a Геология и полезные ископаемые Северной Хакасии  |e Путеводитель по учебному геологическому полигону вузов Сибири  |f ТГУ; ТПУ 
210 |a Томск  |c Изд-во Томского ун-та  |d 1998 
215 |a 172 с.  |c ил. 
320 |a Библиогр.: с. 163-168. 
610 1 |a геология 
610 1 |a полезные ископаемые 
610 1 |a Северная Хакасия 
610 1 |a Сибирь 
610 1 |a вузы 
610 1 |a учебные курсы 
610 1 |a учебные полигоны 
610 1 |a геологические полигоны 
610 1 |a геологическое строение 
610 1 |a история 
610 1 |a путеводители 
675 |a 55(571.1/.5)  |v 3 
675 |a 550.8  |v 3 
712 0 2 |a Томский государственный университет  |c 1917-2009  |7 ca  |8 rus  |9 23396 
712 0 1 |a Томский политехнический университет 
801 0 |a RU  |b 63413507  |c 20011209  |g PSBO 
942 |c BK